| 000 | 00442nam a2200181Ia 4500 | ||
|---|---|---|---|
| 001 | 12836 | ||
| 005 | 20260306163010.0 | ||
| 008 | 260306t2014||||xx |||||||||||||| ||spa|| | ||
| 041 | _aESP | ||
| 082 |
_aRD 343.8 _bA47 |
||
| 100 |
_aAlva Matteucci, Mario _eAUT |
||
| 245 | 0 | _aDiccionario de jurisprudencia tributaria | |
| 260 | _c2014 | ||
| 300 |
_a607 páginas : _c24 cm. |
||
| 650 | _aGEN | ||
| 654 | _aCDE | ||
| 942 |
_cDIC _dJUS _fJUS _2ddc _n |
||
| 999 |
_c12836 _d12836 |
||